[Event "Montreal Quebec U1600 op"]
[Site "Montreal"]
[Date "1989.07.27"]
[Round "6"]
[White "Charest, Johanne"]
[Black "Huot, Roger"]
[Result "0-1"]
[WhiteElo "1558"]
[BlackElo "1453"]
[PlyCount "62"]
[EventDate "1989.07.22"]
[EventType "tourn"]
[EventRounds "8"]
[EventCountry "CAN"]
[SourceTitle "EXT 2022"]
[Source "ChessBase"]
[SourceDate "2021.10.06"]
[SourceVersion "1"]
[SourceVersionDate "2021.10.06"]
[SourceQuality "1"]

1. e4 c5 2. Nf3 e6 3. d4 cxd4 4. Nxd4 Nf6 5. Nc3 Nc6 6. Be3 Bb4 7. Ndb5 d5 8. exd5 Nxd5 9. Bd2 Nxc3 10. Bxc3 Bxc3+ 11. Nxc3 0-0 12. Bd3 Qg5 13. 0-0 Rd8 14. Ne4 Qe7 15. Qh5 g6 16. Qh6 Ne5 17. Ng5 f6 18. Ne4 Nxd3 19. cxd3 Rxd3 20. Rad1 Rxd1 21. Rxd1 e5 22. Rd6 Be6 23. f4 exf4 24. Qxf4 Kg7 25. Nc5 Bf5 26. g4 Qe1+ 27. Kg2 Qe2+ 28. Kh3 Re8 29. Ne6+ Bxe6 30. Rd2 Bxg4+ 31. Qxg4 Qxd2 0-1

[Event "Quebec op U1600"]
[Site "Montreal"]
[Date "1988.07.24"]
[Round "1"]
[White "Huot, Roger"]
[Black "Charest, Johanne"]
[Result "1-0"]
[WhiteElo "1533"]
[BlackElo "1388"]
[PlyCount "81"]
[EventDate "1988.07.24"]
[EventType "swiss"]
[EventRounds "8"]
[EventCountry "CAN"]
[SourceTitle "EXT 2022"]
[Source "ChessBase"]
[SourceDate "2021.10.06"]
[SourceVersion "1"]
[SourceVersionDate "2021.10.06"]
[SourceQuality "1"]

1. d4 d5 2. Nf3 Nf6 3. e3 e6 4. Bd3 Bd6 5. Nbd2 c6 6. 0-0 Nbd7 7. Re1 0-0 8. e4 dxe4 9. Nxe4 Nxe4 10. Bxe4 Nf6 11. Bd3 Qc7 12. Ne5 c5 13. c3 b6 14. Bf4 Bb7 15. Qe2 Rfd8 16. Rad1 Bd5 17. Bg5 Be7 18. c4 Bb7 19. Nxf7 Qc6 20. d5 exd5 21. Nxd8 Bxd8 22. cxd5 Qc8 23. Bc4 b5 24. Bxb5 Ba5 25. Qe6+ Qxe6 26. Rxe6 Bxd5 27. Rd6 Bxa2 28. Bxf6 gxf6 29. Ra1 Bc7 30. Rxf6 Rd8 31. Re1 Bf7 32. g3 Ba5 33. Ra1 Bh5 34. Bc4+ Kg7 35. Rf5 Bg6 36. Rxc5 Bb6 37. Re5 Rd7 38. Rae1 Kh6 39. Re6 Rc7 40. b3 Rf7 41. Re7 1-0